Telematique et amenagement du territoire

Wedi'i Gadw mewn:
Manylion Llyfryddiaeth
Fformat: Llyfr
Iaith:Undetermined
Cyhoeddwyd: Paris Francaise 1981
Pynciau:
Tagiau: Ychwanegu Tag
Dim Tagiau, Byddwch y cyntaf i dagio'r cofnod hwn!
Thư viện lưu trữ: Trung tâm Học liệu Trường Đại học Cần Thơ
LEADER 00458nam a2200169Ia 4500
001 CTU_97799
008 210402s9999 xx 000 0 und d
082 |a 621.384 
082 |b T268 
245 0 |a Telematique et amenagement du territoire 
245 0 |c M. Andre Chadeau 
260 |a Paris 
260 |b Francaise 
260 |c 1981 
650 |a Electronics,Telecommunications 
904 |i Trúc 
980 |a Trung tâm Học liệu Trường Đại học Cần Thơ